000 00649nam a2200205Ii 4500
003 JO-AjNU
008 230605s9999||||xx |||||||||||||| ||und||
040 _aJO-AjNU
_bara
_erda
_cJO-AjNU
041 _aara
050 1 4 _aHF5626.1985
100 3 _aشرح وتقديم البيوك، عطا حمد,
_eauthor
_964194
245 0 0 _aمعايير المحاسبة الدولية، ج1
250 _aط1
264 3 1 _aالسعودية: المؤلف، 1985
300 _aج1، 254ص
336 _atext
_btxt
_2rdacontent
337 _aunmediated
_bn
_2rdamedia
338 _avolume
_bnc
_2rdacarrier
650 4 _aالمحاسبة الدولية
_964195
999 _aA29160
_c32728
_d32728